[Event "9th Bangabandhu Rapid Men 2021"]
[Site "Dhaka"]
[Date "2021.04.02"]
[Round "6.6"]
[White "Reefat, Bin-Sattar"]
[Black "Rafi, Islam"]
[Result "1-0"]
[WhiteElo "2401"]
[BlackElo "1788"]
[Annotator "ChessBase"]
[PlyCount "73"]
[EventDate "2021.04.02"]
[EventType "swiss"]
[EventCountry "BAN"]
[SourceTitle "playchess.com"]
[Source "ChessBase"]
[SourceQuality "1"]
[TimeControl "1500+10"]

1. e4 {[%emt 0:00:00]} c5 {[%emt 0:00:00]} 2. b3 {[%emt 0:00:03]} e6 {[%emt 0:00:20]} 3. Nf3 {[%emt 0:00:02]} a6 {[%emt 0:00:30]} 4. Bb2 {[%emt 0:01:04]} d6 {[%emt 0:00:58]} 5. d4 {[%emt 0:00:08]} cxd4 {[%emt 0:00:04]} 6. Nxd4 {[%emt 0:00:01]} Nf6 {[%emt 0:00:04]} 7. Nd2 {[%emt 0:00:42]} b5 {[%emt 0:00:39]} 8. a4 {[%emt 0:00:56]} b4 {[%emt 0:00:25]} 9. Bd3 {[%emt 0:03:50]} Bb7 {[%emt 0:01:32]} 10. Qe2 {[%emt 0:01:12]} Nbd7 {[%emt 0:01:24]} 11. f4 {[%emt 0:00:37]} Be7 {[%emt 0:00:56]} 12. O-O-O {[%emt 0:06:43]} Qc7 {[%emt 0:02:11]} 13. g4 {[%emt 0:00:09]} Nc5 {[%emt 0:00:18]} 14. g5 {[%emt 0:00:06]} Nfd7 {[%emt 0:00:32]} 15. Kb1 {[%emt 0:00:02]} O-O-O {[%emt 0:00:46]} 16. Rhf1 {[%emt 0:00:52]} Kb8 {[%emt 0:02:29]} 17. h4 {[%emt 0:00:34]} Rc8 {[%emt 0:03:51]} 18. Rc1 {[%emt 0:00:10]} h6 {[%emt 0:01:16]} 19. c3 {[%emt 0:04:36]} Nxd3 {[%emt 0:01:00]} 20. Qxd3 {[%emt 0:00:02]} Nc5 {[%emt 0:00:02]} 21. Qe3 {[%emt 0:00:29]} bxc3 {[%emt 0:00:16]} 22. Rxc3 {[%emt 0:00:04]} Qd7 {[%emt 0:00:43]} 23. Ka2 {[%emt 0:00:56]} hxg5 {[%emt 0:00:09]} 24. hxg5 {[%emt 0:00:08]} Rh2 {[%emt 0:00:59]} 25. Rfc1 {[%emt 0:00:15]} Rch8 {[%emt 0:01:50]} 26. N4f3 {[%emt 0:00:28]} Rh1 {[%emt 0:00:42]} 27. Rxh1 {[%emt 0:00:14]} Rxh1 {[%emt 0:00:01]} 28. Qd4 {[%emt 0:00:02]} e5 {[%emt 0:04:08]} 29. fxe5 {[%emt 0:00:22]} Ne6 {[%emt 0:00:02]} 30. Qb6 {[%emt 0:01:11]} d5 {[%emt 0:01:27]} 31. exd5 {[%emt 0:00:44]} Qxd5 {[%emt 0:00:04]} 32. Nc4 {[%emt 0:00:02]} Qd1 {[%emt 0:00:24]} 33. Nfd2 {[%emt 0:00:01]} Rh8 {[%emt 0:00:13]} 34. Na5 {[%emt 0:00:10]} Qh1 {[%emt 0:00:09]} 35. Nf3 {[%emt 0:00:47]} Nd8 {[%emt 0:00:14]} 36. Rd3 {[%emt 0:00:14]} Bc5 {[%emt 0:00:22]} 37. Rxd8+ {[%emt 0:03:14]} 1-0

[Event "9th Bangabandhu Rapid Men 2021"]
[Site "Dhaka"]
[Date "2021.04.02"]
[Round "6.7"]
[White "Mohammed Abdul, Malek"]
[Black "Mohammad Minhaz Uddin"]
[Result "1/2-1/2"]
[WhiteElo "2125"]
[BlackElo "2281"]
[Annotator "ChessBase"]
[PlyCount "82"]
[EventDate "2021.04.02"]
[EventType "swiss"]
[EventCountry "BAN"]
[SourceTitle "playchess.com"]
[Source "ChessBase"]
[SourceQuality "1"]
[TimeControl "1500+10"]

1. d4 {[%emt 0:00:00]} Nf6 {[%emt 0:00:00]} 2. c4 {[%emt 0:00:00]} e6 {[%emt 0:00:00]} 3. Nf3 {[%emt 0:00:00]} Bb4+ {[%emt 0:00:00]} 4. Bd2 {[%emt 0:00:00]} Qe7 {[%emt 0:00:09]} 5. e3 {[%emt 0:00:09]} Nc6 {[%emt 0:00:05]} 6. Be2 {[%emt 0:00:16]} O-O {[%emt 0:00:04]} 7. O-O {[%emt 0:00:02]} Bxd2 {[%emt 0:01:08]} 8. Qxd2 {[%emt 0:00:13]} Ne4 {[%emt 0:00:42]} 9. Qc2 {[%emt 0:00:03]} f5 {[%emt 0:00:02]} 10. Nc3 {[%emt 0:00:02]} Nxc3 {[%emt 0:00:15]} 11. Qxc3 {[%emt 0:00:04]} d6 {[%emt 0:24:25]} 12. b4 {[%emt 0:00:53]} Qf6 {[%emt 0:00:00]} 13. b5 {[%emt 0:01:15]} Ne7 {[%emt 0:00:00]} 14. a4 {[%emt 0:00:13]} b6 {[%emt 0:00:00]} 15. a5 {[%emt 0:00:46]} Bb7 {[%emt 0:00:00]} 16. Rfc1 {[%emt 0:00:45]} h6 {[%emt 0:00:00]} 17. c5 {[%emt 0:03:52]} bxc5 {[%emt 0:00:00]} 18. dxc5 {[%emt 0:00:16]} Qxc3 {[%emt 0:00:00]} 19. Rxc3 {[%emt 0:00:01]} Bxf3 {[%emt 0:00:00]} 20. Bxf3 {[%emt 0:00:28]} d5 {[%emt 0:00:00]} 21. a6 {[%emt 0:01:31]} Rfb8 {[%emt 0:00:00]} 22. Rb3 {[%emt 0:01:22]} Nc6 {[%emt 0:00:00]} 23. Be2 {[%emt 0:00:23]} Ne5 {[%emt 0:00:02]} 24. Kf1 {[%emt 0:04:15]} Nd7 {[%emt 0:00:14]} 25. Rc1 {[%emt 0:00:52]} Kf7 {[%emt 0:00:10]} 26. f4 {[%emt 0:00:23]} Ke7 {[%emt 0:00:05]} 27. Kf2 {[%emt 0:00:26]} Rc8 {[%emt 0:01:28]} 28. Ke1 {[%emt 0:00:38]} Rab8 {[%emt 0:00:15]} 29. Kd2 {[%emt 0:00:16]} g5 {[%emt 0:00:22]} 30. Kd3 {[%emt 0:00:37]} g4 {[%emt 0:00:12]} 31. Kd4 {[%emt 0:00:07]} h5 {[%emt 0:00:02]} 32. Rbb1 {[%emt 0:01:37]} h4 {[%emt 0:00:05]} 33. Bd1 {[%emt 0:01:01]} Ra8 {[%emt 0:00:19]} 34. Ba4 {[%emt 0:00:38]} Rab8 {[%emt 0:00:19]} 35. Kd3 {[%emt 0:03:16]} Kd8 {[%emt 0:00:01]} 36. Kd2 {[%emt 0:00:27]} Ke7 {[%emt 0:00:02]} 37. Kd3 {[%emt 0:04:03]} Kd8 {[%emt 0:00:44]} 38. Kd4 {[%emt 0:00:10]} Ke7 {[%emt 0:00:10]} 39. Rb3 Kd8 {[%emt 0:00:10]} 40. Rcb1 {[%emt 0:00:20]} Ke8 {[%emt 0:00:10]} 41. c6 Kd8 1/2-1/2

[Event "9th Bangabandhu Rapid Men 2021"]
[Site "Dhaka"]
[Date "2021.04.02"]
[Round "6.8"]
[White "Abdul, Momin"]
[Black "Rahman, Taibur"]
[Result "1/2-1/2"]
[WhiteElo "1944"]
[BlackElo "2189"]
[Annotator "ChessBase"]
[PlyCount "93"]
[EventDate "2021.04.02"]
[EventType "swiss"]
[EventCountry "BAN"]
[SourceTitle "playchess.com"]
[Source "ChessBase"]
[SourceQuality "1"]
[TimeControl "1500+10"]

1. e4 {[%emt 0:00:00]} c5 {[%emt 0:00:00]} 2. Nf3 {[%emt 0:00:00]} Nc6 {[%emt 0:00:00]} 3. d4 {[%emt 0:00:00]} cxd4 {[%emt 0:00:00]} 4. Nxd4 {[%emt 0:00:00]} e5 {[%emt 0:00:00]} 5. Nb5 {[%emt 0:00:02]} d6 {[%emt 0:00:00]} 6. N1c3 {[%emt 0:00:05]} a6 {[%emt 0:00:00]} 7. Na3 {[%emt 0:00:01]} b5 {[%emt 0:00:00]} 8. Nd5 {[%emt 0:00:02]} Nge7 {[%emt 0:00:01]} 9. c3 {[%emt 0:00:26]} Nxd5 {[%emt 0:00:07]} 10. Qxd5 {[%emt 0:01:19]} Bb7 {[%emt 0:00:01]} 11. Nc2 {[%emt 0:00:42]} Qc7 {[%emt 0:00:41]} 12. Qd3 {[%emt 0:00:14]} Ne7 {[%emt 0:00:35]} 13. Ne3 {[%emt 0:00:11]} Rd8 {[%emt 0:00:29]} 14. c4 {[%emt 0:01:21]} bxc4 {[%emt 0:00:49]} 15. Qxc4 {[%emt 0:00:24]} Qb8 {[%emt 0:02:07]} 16. Qa4+ {[%emt 0:00:54]} Bc6 {[%emt 0:04:13]} 17. Qxa6 {[%emt 0:00:08]} Qb4+ {[%emt 0:00:31]} 18. Bd2 {[%emt 0:00:16]} Qxb2 {[%emt 0:00:06]} 19. Rc1 {[%emt 0:00:06]} Ra8 {[%emt 0:01:51]} 20. Qd3 {[%emt 0:00:01]} Qd4 {[%emt 0:00:35]} 21. Qb3 {[%emt 0:02:05]} Qa4 {[%emt 0:02:23]} 22. Qb6 {[%emt 0:02:25]} Bd7 {[%emt 0:00:50]} 23. Bc4 {[%emt 0:00:28]} Nc8 {[%emt 0:01:08]} 24. Qb2 {[%emt 0:00:44]} Be7 {[%emt 0:00:48]} 25. Bd5 {[%emt 0:01:56]} Ra7 {[%emt 0:00:12]} 26. O-O {[%emt 0:02:24]} O-O {[%emt 0:00:05]} 27. Rc4 {[%emt 0:00:03]} Qa6 {[%emt 0:00:16]} 28. Rfc1 {[%emt 0:00:10]} Nb6 {[%emt 0:03:35]} 29. Rb4 {[%emt 0:01:04]} Na4 {[%emt 0:01:48]} 30. Qa3 {[%emt 0:01:20]} Nc5 {[%emt 0:01:29]} 31. Qxa6 {[%emt 0:00:02]} Rxa6 {[%emt 0:00:02]} 32. Rcb1 {[%emt 0:00:10]} Be6 {[%emt 0:00:20]} 33. Rb8 {[%emt 0:00:54]} g6 {[%emt 0:00:39]} 34. Rxf8+ {[%emt 0:01:19]} Kxf8 {[%emt 0:00:20]} 35. Rb8+ {[%emt 0:00:40]} Kg7 {[%emt 0:00:04]} 36. Bb4 {[%emt 0:00:59]} Bxd5 {[%emt 0:01:42]} 37. Nxd5 {[%emt 0:00:08]} Rxa2 {[%emt 0:00:11]} 38. f3 {[%emt 0:00:06]} Bh4 {[%emt 0:00:21]} 39. g3 {[%emt 0:00:11]} Bg5 {[%emt 0:00:07]} 40. Bxc5 {[%emt 0:00:08]} dxc5 {[%emt 0:00:01]} 41. f4 {[%emt 0:00:02]} exf4 {[%emt 0:00:40]} 42. gxf4 {[%emt 0:00:01]} Bh4 {[%emt 0:00:00]} 43. Rc8 {[%emt 0:00:12]} Bf2+ {[%emt 0:00:18]} 44. Kh1 {[%emt 0:00:35]} h5 {[%emt 0:00:10]} 45. e5 {[%emt 0:00:08]} h4 {[%emt 0:00:04]} 46. Nf6 {[%emt 0:00:18]} h3 {[%emt 0:01:24]} 47. Rg8+ {[%emt 0:00:29]} 1/2-1/2

[Event "9th Bangabandhu Rapid Men 2021"]
[Site "Dhaka"]
[Date "2021.04.03"]
[Round "7.1"]
[White "Rahman, Ziaur"]
[Black "Hossain, Enamul"]
[Result "1-0"]
[WhiteElo "2419"]
[BlackElo "2426"]
[Annotator "TA"]
[PlyCount "91"]
[EventDate "2021.04.02"]
[EventType "swiss"]
[EventCountry "BAN"]
[SourceTitle "playchess.com"]
[Source "ChessBase"]
[SourceQuality "1"]

{[%evp 10,91,21,13,25,14,24,23,65,46,74,81,76,88,95,111,118,70,112,81,106,104,94,102,135,139,130,120,152,152,189,190,156,152,227,210,172,116,123,84,88,41,48,40,42,16,14,15,31,0,0,0,263,0,254,250,231,250,649,625,643,625,617,598,587,581,544,355,362,360,339,337,321,291,337,279,639,647,1059,1026,29970,29964,4133,6039]} 1. Nf3 d5 2. g3 g6 3. Bg2 Bg7 4. d4 c6 5. O-O Nf6 6. c4 dxc4 {D73: Fianchetto Grünfeld: 5 Nf3 .} 7. a4 a5 8. Na3 {[#]} Be6 $146 {White has an edge.} ({Predecessor:} 8... Na6 9. Nxc4 Be6 10. b3 Bd5 11. Bd2 Nb4 12. Bxb4 axb4 13. Qe1 c5 14. dxc5 Ne4 15. Qxb4 {1-0 (43) Mamedyarov,S (2772)-Sychev,K (2563) Moscow 2019}) 9. Ng5 Bd5 10. e4 h6 11. exd5 hxg5 {[#]} 12. dxc6 $1 (12. Bxg5 $6 cxd5 13. b3 cxb3 $11) 12... Nxc6 13. Nxc4 Nxd4 14. Bxg5 O-O 15. Be3 Nc6 16. Bb6 Qc8 17. Rc1 {Hoping for Nxa5!} Qf5 18. Re1 Rac8 19. b3 Bh6 20. Rc3 Bg7 21. Rce3 Ng4 (21... Ra8 $16 {was worth a try.} 22. h3 Ra6) 22. Re4 Nge5 23. Ne3 ({White should try} 23. Nxa5 $18 Nxa5 24. Bxa5) 23... Qd7 $16 24. Qb1 {Threatens to win with f4.} f5 25. Rd1 Qe8 $1 26. Rf4 $36 {[%mdl 2048] White fights for an advantage.} Nd7 27. Bxc6 Rxc6 28. Bxa5 Ne5 $1 29. Rb4 Qc8 30. Nd5 Re8 {[%mdl 8192] [#] White stays focused until the end.} (30... Kf7 $1 $11 {and Black is okay.}) 31. Rb5 $2 (31. Nxe7+ $1 $18 {[%mdl 512]} Rxe7 32. Rd8+ Qxd8 33. Bxd8) 31... Rc2 $2 {[%mdl 8192] [#]} (31... Nf3+ $11 {and Black stays safe.} 32. Kf1 Nd4) 32. Nxe7+ $1 $18 {[%mdl 576] Deflection} Rxe7 33. Rd8+ {[%mdl 64] Double Attack} Re8 $2 (33... Qxd8 34. Bxd8 Nf3+ 35. Kg2 Ree2 36. Qxc2 (36. Kxf3 Rxf2+ 37. Ke3 Bh6+ 38. Kd4 Bg7+ 39. Ke3 Bh6+ 40. Kd4 Bg7+ 41. Ke3 $11) 36... Ne1+ 37. Kf1 Rxc2) 34. Rxe8+ {[%mdl 64] Overworked Piece} Qxe8 35. Qxc2 Nf3+ 36. Kf1 Nd4 37. Qc4+ Kh7 38. Bc3 ({Less strong is} 38. Rxb7 Qe4 $16) 38... Nxb5 39. Bxg7 ({Weaker is} 39. axb5 Bxc3 40. Qxc3 Qxb5+ 41. Qc4 Qd7 $16) 39... Kxg7 40. axb5 {[%cal Ba4b5,Bb5b6][%mdl 4128] Endgame KQ-KQ} Qd7 41. h4 Qd1+ 42. Kg2 Qd7 (42... Qd6 43. Kf3 Qd1+ 44. Ke3 Qe1+ 45. Kf3 Qd1+ 46. Ke3 Qe1+ 47. Qe2 Qc3+ 48. Qd3 Qe1+ 49. Kf4 Kh6) 43. b6 Kf8 44. Qc5+ Ke8 45. Qe5+ Kf7 46. Qc7 {Weighted Error Value: White=0.23/Black=0.78} 1-0

[Event "9th Bangabandhu Rapid Men 2021"]
[Site "Dhaka"]
[Date "2021.04.03"]
[Round "7.2"]
[White "Mohammad Fahad, Rahman"]
[Black "Jabed Al Azad"]
[Result "1-0"]
[WhiteElo "2307"]
[BlackElo "2002"]
[Annotator "TA"]
[PlyCount "89"]
[EventDate "2021.04.02"]
[EventType "swiss"]
[EventCountry "BAN"]
[SourceTitle "playchess.com"]
[Source "ChessBase"]
[SourceQuality "1"]

{[%evp 21,88,43,70,72,78,69,106,65,91,65,82,58,66,39,87,86,115,114,123,108,114,104,201,201,201,180,220,222,290,281,286,205,311,284,397,397,375,268,265,237,262,266,279,228,361,364,437,429,467,463,543,518,650,648,668,662,651,637,632,562,697,717,713,721,1565,1505,29998,29989,29999]} 1. e4 c5 2. Nf3 d6 3. d4 cxd4 4. Nxd4 Nf6 5. f3 g6 6. c4 Nc6 7. Nc3 Bg7 8. Be3 Bd7 9. Be2 Rc8 10. O-O O-O 11. Qd2 Ne5 12. b3 {B38: Sicilian: Maroczy Bind with 5...Bg7 and 7...0-0.} a6 13. a4 Re8 {[#]} 14. Kh1 $146 {White is better.} ({Predecessor:} 14. Rab1 Qa5 15. Rfc1 Qd8 16. Nc2 Bc6 17. b4 b6 18. b5 axb5 19. axb5 Bb7 20. Nd5 {0-1 (42) Rosen,M (2191)-Libersan,T (2065) Montreal 2005}) 14... Qa5 15. Rfc1 h5 16. Qe1 Kh7 17. Qf2 Qc7 18. a5 {Black is on the road to losing.} Nc6 19. Nd5 Qb8 20. Nb6 Nxd4 21. Bxd4 e5 (21... Rcd8 $16) 22. Nxc8 $18 exd4 23. Nb6 Bc6 24. b4 {[%cal Bb3b4,Bb4b5][%mdl 32]} Qd8 25. b5 Bd7 26. Rd1 Ng8 (26... Bc8 $142 27. bxa6 bxa6) 27. Rab1 f5 28. Bd3 Nh6 29. Qc2 fxe4 30. Bxe4 Bf5 {[#]} 31. Re1 Rf8 32. Nd5 Qh4 (32... Qxa5 {was worth a try.} 33. bxa6 bxa6 34. Bxf5 Nxf5) 33. g3 Qg5 {[#]} 34. Ne7 $1 {[%mdl 576] Deflection} Qxe7 (34... Rf7 35. Nxf5) 35. Bxf5 {[%mdl 64] Discovered Attack} Qg5 36. Be4 h4 37. gxh4 Qxh4 38. bxa6 bxa6 39. Bxg6+ Kh8 40. Qe4 Qh3 41. Rg1 Be5 42. Rg2 d3 43. Rb7 {Rh7+ would kill now.} d2 44. Rh7+ Kg8 45. Bf7# {Weighted Error Value: White=0.18/Black=0.70} 1-0

[Event "9th Bangabandhu Rapid Men 2021"]
[Site "Dhaka"]
[Date "2021.04.03"]
[Round "7.4"]
[White "Mehdi Hasan Parag"]
[Black "Mollah Abdullah, Al Rakib"]
[Result "0-1"]
[WhiteElo "2204"]
[BlackElo "2463"]
[Annotator "TA"]
[PlyCount "64"]
[EventDate "2021.04.02"]
[EventType "swiss"]
[EventCountry "BAN"]
[SourceTitle "playchess.com"]
[Source "ChessBase"]
[SourceQuality "1"]

{[%evp 12,64,32,35,30,22,29,0,16,-64,22,0,0,-20,-17,-79,-79,-69,0,-127,-110,-112,-118,-271,-230,-370,-361,-366,-372,-371,-364,-366,-360,-356,-354,-344,-317,-381,-294,-318,-279,-362,-362,-362,-379,-445,-458,-453,-414,-519,-519,-715,-712,-637,-644]} 1. e4 g6 2. d4 Bg7 3. Nc3 d6 4. f4 e6 5. Nf3 Ne7 6. Be3 Nd7 7. Qd2 a6 {B06: Modern Defence.} 8. O-O-O b5 {[#]} 9. Kb1 $146 ({Predecessor:} 9. Bd3 Bb7 10. h4 c5 11. dxc5 Nxc5 12. h5 b4 13. Ne2 Qa5 14. Bxc5 Qxc5 15. Kb1 {½-½ (40) Parushev,A (2323)-Sikorsky,H (2469) ICCF email 2012}) 9... Bb7 {The position is equal.} 10. d5 (10. a3 $11) 10... b4 (10... exd5 $1 $15 11. Nxd5 O-O) 11. dxe6 $1 $11 bxc3 12. exd7+ Qxd7 13. bxc3 (13. Qd3 $1 $11) 13... Bxe4 14. Bd4 f6 (14... O-O $15 15. Bxg7 Rfb8+ 16. Ka1 Bxf3 17. gxf3 Kxg7) 15. Ng5 Bf5 {[#] Strongly threatening ...c5.} (15... fxg5 16. Bxg7 Rg8 17. Bf6 $16) 16. Bc4 {Black must now prevent Rhe1.} c5 $36 {[%mdl 2048] Black is really pushing.} 17. Nf7 $2 {This costs White the game.} (17. Bxc5 $17 {was worth a try.} dxc5 18. Nf7) 17... cxd4 18. Qxd4 (18. Nxh8 {only move.} d5 19. Bd3) 18... d5 $19 19. Nxh8 dxc4 (19... Bxh8 20. Bb3 $15) 20. Qxd7+ Bxd7 21. Nf7 Rb8+ (21... Kxf7 22. Rxd7 f5 23. Re1 $15) 22. Kc1 Bc6 ({Less strong is} 22... Kxf7 23. Rxd7 f5 24. Re1 $15) 23. Nd6+ Kf8 24. Rhe1 Nd5 25. Nxc4 Nxc3 26. Rd6 Rb1+ ({Don't play} 26... Nxa2+ 27. Kd2 $19) 27. Kd2 {[#] Threatening mate with Rd8+.} Ne4+ ({Weaker is} 27... Bxg2 28. Rd8+ Kf7 29. Nd6#) 28. Rxe4 Bxe4 29. g3 Rh1 30. Rxa6 f5 {Black is clearly winning.} 31. h4 Bd4 32. Ne5 Rh2+ {Weighted Error Value: White=0.46/Black=0.20} 0-1

[Event "9th Bangabandhu Rapid Men 2021"]
[Site "Dhaka"]
[Date "2021.04.03"]
[Round "7.5"]
[White "Ghosh, Chanchal Kumer"]
[Black "Reefat, Bin-Sattar"]
[Result "0-1"]
[WhiteElo "2052"]
[BlackElo "2409"]
[Annotator "TA"]
[PlyCount "80"]
[EventDate "2021.04.02"]
[EventType "swiss"]
[EventCountry "BAN"]
[SourceTitle "playchess.com"]
[Source "ChessBase"]
[SourceQuality "1"]

{[%evp 10,80,0,-37,-20,-36,-9,-48,-49,-43,-41,-41,-41,-39,-41,-47,-41,-95,-74,-29,-32,-52,-32,-57,-41,-47,-39,-56,-64,-75,-74,-71,-71,-96,-114,-96,-104,-109,-118,-111,0,0,0,0,0,-212,-200,-224,-216,-316,-290,-343,-109,-82,-101,-418,-225,-580,-367,-347,-275,-330,-187,-331,-256,-365,-365,-422,-433,-451,-432,-395,-403]} 1. e4 e6 2. Nf3 d5 3. Nc3 Nf6 4. e5 Nfd7 5. d4 c5 6. Bg5 Qa5 {C11: French: Classical System: 4 e5 and 4 Bg5 dxe4.} 7. dxc5 Nxc5 {[#]} 8. Bb5+ $146 ({Predecessor:} 8. Bd2 Qb6 9. Bb5+ Bd7 10. a4 a5 11. O-O Be7 12. Ng5 h6 13. Qh5 g6 14. Qh3 {1-0 (56) Schmid,P (2144)-Kupalov,I (2043) Geneve 2016}) 8... Bd7 {Black is slightly better.} 9. Bxd7+ Ncxd7 10. O-O h6 11. Bd2 Nc6 12. Qe2 a6 13. a3 (13. Rfe1 $15) 13... Qc7 14. Rfe1 Be7 15. Rac1 b5 16. Bf4 g5 17. Bg3 Nb6 18. Rcd1 h5 $36 {[%mdl 2048] Threatens to win with ...h4. Black has some pressure.} 19. h4 g4 20. Nd4 Rc8 21. Ndxb5 axb5 22. Nxb5 Qb7 23. Nd6+ Bxd6 24. exd6 Kd7 ({Black should try} 24... Nd7 $17 25. b4 Nd8) 25. b3 $1 $11 Qa7 26. Qe3 Qa5 27. a4 $2 {[#]} (27. Qf4 $11 {and White is okay.} Rcf8 28. c4 dxc4 29. bxc4) 27... d4 $1 $19 {[%cal Rd4e3]} 28. Qf4 Qf5 29. Qd2 (29. Qxf5 {keeps fighting.} exf5 30. b4) 29... Nd5 30. Qe2 Nc3 $2 (30... Ndb4 $19 31. Qb5 Rb8 32. Qxf5 exf5) 31. Qa6 $17 {[#]} Rb8 ({Avoid the trap} 31... Nxd1 $2 32. Qb7+ Kd8 33. d7 $18) 32. Rd2 {[%mdl 8192] This costs White the game.} (32. Rxd4 $17 {was the crucial defense.} Qa5 33. Qxa5 Nxa5 34. Rd3) 32... Ne4 (32... Qc5 $142 {White must now prevent ...f5.} 33. Qd3 f5) 33. Rde2 $2 (33. Rxd4 Nc5 {[%mdl 64] Discovered Attack} 34. Qc4) 33... Nxg3 34. fxg3 Kxd6 35. Rf1 Qg6 (35... Qc5 $142 36. Kh2 f5) 36. Rf4 (36. Kh2 $142) 36... Kc7 37. Qc4 (37. Re1 {might work better.}) 37... Rhd8 $19 38. Ref2 f5 39. Re2 Rd6 40. Rf1 Rb4 {Weighted Error Value: White=0.57/Black=0.33} 0-1

[Event "9th Bangabandhu Rapid Men 2021"]
[Site "Dhaka"]
[Date "2021.04.03"]
[Round "7.6"]
[White "Mohammad Minhaz Uddin"]
[Black "Abdul, Momin"]
[Result "1-0"]
[WhiteElo "2295"]
[BlackElo "1952"]
[Annotator "TA"]
[PlyCount "99"]
[EventDate "2021.04.02"]
[EventType "swiss"]
[EventCountry "BAN"]
[SourceTitle "playchess.com"]
[Source "ChessBase"]
[SourceQuality "1"]

{[%evp 12,99,82,94,92,66,95,88,95,87,119,86,116,116,130,100,149,95,100,81,112,67,85,90,86,31,15,24,50,40,57,66,57,25,29,4,11,10,10,3,19,7,72,34,40,14,54,56,59,57,84,31,23,16,56,54,135,135,162,141,131,122,184,185,237,197,239,210,208,143,195,189,180,137,473,462,761,620,625,619,882,874,2197,1943,29978,29980,29980,29981,29979,29980]} 1. e4 c5 2. Nf3 e6 3. d4 cxd4 4. Nxd4 Nf6 5. Nc3 a6 6. e5 Ng8 7. Bf4 Ne7 {B40: Sicilian: 2...e6, Unusual lines.} 8. Bg3 Ng6 9. Bd3 Qb6 {[#]White is better.} 10. Nb3 {[#]} Bb4 $146 ({Predecessor:} 10... Nc6 11. Qe2 Qc7 12. Be4 Bb4 13. O-O Nce7 14. Na4 h5 15. h4 Nxe5 16. Rad1 f6 {1-0 (34) Bennett,P (2350)-Kraujunas,V (1977) ICCF email 2016}) 11. O-O Bxc3 12. bxc3 Qc7 13. c4 b6 14. a4 (14. Qh5 $142) 14... Nc6 $16 {[%cal Bb8c6,Bc6e7,Be7f5][%mdl 32]} 15. Re1 h5 {With the idea ...h4.} 16. Bxg6 (16. h4 {feels hotter.} Bb7 17. Qd2 Rb8 18. Rad1 Na5 19. f3) 16... fxg6 17. Qd3 Ne7 18. Bh4 (18. f3 $16) 18... Nf5 $14 19. Bg5 O-O 20. a5 Rf7 21. axb6 Qxb6 22. Be3 (22. Na5 {is interesting.} Rb8 23. Qd2 Qa7 24. Ra2 Bb7 25. Nb3) 22... Nxe3 23. Qxe3 Qxe3 24. Rxe3 Rf4 25. Na5 Rb8 26. g3 Rd4 (26... Rf5 $11 {keeps the balance.}) 27. h4 Kf7 28. Kf1 Rb2 (28... g5 $5) 29. Rc3 g5 30. hxg5 h4 31. gxh4 (31. Nb3 $16 Rg4 32. gxh4) 31... Rxh4 {[#] And now ...Rh1+ would win.} 32. Ke2 Re4+ 33. Kd2 Rxe5 (33... Rb8 $14) 34. Nb3 $16 Rf5 35. Kc1 Rxb3 36. Rxb3 {[%mdl 4096] Endgame KRR-KRB} Ke7 (36... Rxg5 $16 {was necessary.} 37. Kd2 Ke7) 37. Rb8 $18 Rc5 (37... Kd8 $142 38. Rxa6 Kc7) 38. Ra4 Kd6 39. g6 Kc7 40. Rb3 Rf5 (40... Bb7 $16 41. f4 Bc6 42. Rxa6 Rxc4) 41. c5 Rxf2 42. Rg3 Kd8 $2 {[%mdl 8192] Loses the game.} (42... Bb7 $16 {is a better chance.} 43. Rh4 Rf8) 43. Rh4 Ke7 (43... Bb7 $142 44. Rh7 Be4 45. Rxg7 Rf8) 44. Rh8 Bb7 45. Rg8 Be4 46. Rxg7+ Kd8 47. Rg8+ Ke7 48. g7 {White mates.} Rxc2+ 49. Kd1 Rxc5 50. Rh8 {[%mdl 64] Decoy.  Weighted Error Value: White=0.18/Black=0.49} 1-0